[Event "New York Marshall CC 06"]
[Site "New York"]
[Date "2025.06.21"]
[Round "3"]
[White "Tao, Jeremy"]
[Black "Dalhouse, Justin"]
[Result "1/2-1/2"]
[WhiteElo "1840"]
[BlackElo "1934"]
[PlyCount "139"]
[EventDate "2025.06.20"]
[EventType "swiss"]
[EventRounds "5"]
[EventCountry "USA"]
[SourceTitle "CB26_2025"]
[SourceDate "2025.06.25"]
[SourceVersion "1"]
[SourceVersionDate "2025.06.25"]
[SourceQuality "1"]

1. d4 Nf6 2. c4 g6 3. Nc3 d5 4. Bg5 Ne4 5. Bf4 c6 6. f3 Nxc3 7. bxc3 Bg7 8. e3 0-0 9. cxd5 cxd5 10. Bd3 Nc6 11. Ne2 e5 12. Bg3 Re8 13. Bf2 Be6 14. 0-0 Rc8 15. Rb1 Qe7 16. e4 exd4 17. cxd4 Red8 18. e5 Nb4 19. Rb2 Nxd3 20. Qxd3 Rc4 21. Be3 Rdc8 22. Rc1 a6 23. Rxc4 dxc4 24. Qc3 b5 25. Nf4 Qd7 26. d5 Bf5 27. g4 Bd3 28. Bd4 g5 29. e6 fxe6 30. Nh5 Bxd4+ 31. Qxd4 Rf8 32. d6 h6 33. a4 Rf7 34. axb5 c3 35. Qxc3 Qxd6 36. b6 Bb5 37. Nf6+ Kf8 38. Qc8+ Kg7 39. Nh5+ Kh7 40. Qc2+ Bd3 41. Qf2 Qc6 42. Nf6+ Kg6 43. Qe3 Kxf6 44. b7 Rxb7 45. Rxb7 Qxb7 46. Qxd3 Qb5 47. Qd8+ Ke5 48. Qc7+ Kd5 49. Qd8+ Kc4 50. Qd2 Kb3 51. Qe3+ Kb2 52. Qd2+ Ka3 53. Qe3+ Ka4 54. Qe4+ Ka3 55. Qe3+ Qb3 56. Qc1+ Ka2 57. Qd2+ Ka1 58. Qa5+ Qa2 59. Qc3+ Kb1 60. Qb4+ Qb2 61. Qe4+ Kc1 62. Qe1+ Kc2 63. Qe4+ Kd2 64. Qxe6 Qd4+ 65. Kg2 Qd3 66. Qa2+ Ke1 67. Qa1+ Ke2 68. Qa2+ Qd2 69. Qxa6+ Ke3+ 70. Kh3 1/2-1/2